| 000 | 00501nam a2200193Ia 4500 | ||
|---|---|---|---|
| 008 | 150616s9999 xx 000 0 und d | ||
| 040 | _cOCLC | ||
| 040 | _dOCLC | ||
| 080 | _a616.61-006 | ||
| 100 | _aNóbile, Raúl H.; Minuzzi, Gustavo P. | ||
| 245 | _aGuía de diagnóstico Tratamiento y Seguimiento de Tumores Urológicos | ||
| 250 | _a1a. ed. | ||
| 260 | _aCórdoba | ||
| 260 | _bSociedad de Urología de Córdoba | ||
| 260 | _c2002 | ||
| 300 | _a50 p. | ||
| 300 | _c21 cm. | ||
| 942 | _cBK | ||
| 999 |
_c1100 _d1100 |
||